000
00300nam a22001337a 4500
008
170831b xxu||||| |||| 00| 0 eng d
020
_a
9780534189303
041
_a
eng
080
_2
2 ED
_a
070
100
_a
40
101
_a
MED
245
_a
ELECTRONIC MOVIEMAKING
_c
GROSS.LS
942
_2
udc
_c
BK
999
_c
25881
_d
25881